MATEMATICKÝ MODEL PROCESOV V AERODYNAMICKY FLUIDIZOVANEJ VRSTVE

Bibliographic Details
Main Authors: Olijár, Andrej (Author), Koštial, Imrich (Author), Gloček, Ján (Author), Mikula, Ján (Author), Lišuch, Július (Author)
Format: Article
Language:Slovak

MARC

LEADER 00000naa a2200000uu 4500
001 vtls010933346
003 SK-MaSNL
005 20260302122553.0
008 210824|2011 xo |||||||||||||||||slo|
015 |a SNBRA 
035 |a (urnnbn)urn:nbn:sk:snk:ar-a0b5ok 
035 |a (uuid)196318bc-ebe8-4569-a6bf-99e1af45661a 
035 |a urn:nbn:sk:snk-aaty3q 
040 |a SNKBUCL  |b slo  |c SNKBUCL  |e AACR2 
041 0 |a slo 
044 |a xo  |c SK 
100 1 |a Olijár, Andrej  |4 aut  |9 786653 
245 1 0 |a MATEMATICKÝ MODEL PROCESOV V AERODYNAMICKY FLUIDIZOVANEJ VRSTVE  |c Andrej Olijár, Imrich Koštial, Ján Gloček, Ján Mikula, Július Lišuch 
246 3 |a MATHEMATICAL MODEL OF PROCESS THERMAL TREATMENT IN AERODYNAMIC FLUIDISED LAYER 
700 1 |a Koštial, Imrich  |4 aut  |9 10486 
700 1 |a Gloček, Ján  |4 aut  |9 775462 
700 1 |a Mikula, Ján  |4 aut  |9 6564 
700 1 |a Lišuch, Július  |4 aut  |9 662944 
773 0 |t Pokročilé technológie v oblasti získavania a spracovania surovín  |d V Košiciach : Technická univerzita, 2011  |g S. 40-44 
958 |a OND 
958 |a article11 
958 |a chapter 
999 |c 1278613  |d 1280543